|
|
|
|
| LEADER |
01301nam a22003614a 4500 |
| 001 |
EBC117735 |
| 003 |
MiAaPQ |
| 005 |
20200520144314.0 |
| 006 |
m o d | |
| 007 |
cr cn||||||||| |
| 008 |
001005s2001 nyua sb 001 0 eng |
| 010 |
|
|
|z 00050979
|
| 020 |
|
|
|z 0471388041 (pbk. : alk. paper)
|
| 035 |
|
|
|a (MiAaPQ)EBC117735
|
| 035 |
|
|
|a (Au-PeEL)EBL117735
|
| 035 |
|
|
|a (CaPaEBR)ebr10001687
|
| 035 |
|
|
|a (CaONFJC)MIL34100
|
| 035 |
|
|
|a (OCoLC)47008083
|
| 040 |
|
|
|a MiAaPQ
|c MiAaPQ
|d MiAaPQ
|
| 050 |
|
4 |
|a HD69.S8
|b K67 2001
|
| 082 |
0 |
4 |
|a 658/.0546
|2 21
|
| 100 |
1 |
|
|a Kosiur, David R.
|
| 245 |
1 |
0 |
|a Understanding policy-based networking
|h [electronic resource] /
|c Dave Kosiur.
|
| 260 |
|
|
|a New York :
|b Wiley,
|c c2001.
|
| 300 |
|
|
|a xx, 348 p. :
|b ill.
|
| 490 |
1 |
|
|a Wiley Networking Council series
|
| 504 |
|
|
|a Includes bibliographical references (p. 319-325) and index.
|
| 533 |
|
|
|a Electronic reproduction. Ann Arbor, MI : ProQuest, 2015. Available via World Wide Web. Access may be limited to ProQuest affiliated libraries.
|
| 650 |
|
0 |
|a Business networks.
|
| 655 |
|
4 |
|a Electronic books.
|
| 710 |
2 |
|
|a ProQuest (Firm)
|
| 830 |
|
0 |
|a Wiley Networking Council series.
|
| 856 |
4 |
0 |
|u https://ebookcentral.proquest.com/lib/matrademy/detail.action?docID=117735
|z Click to View
|